|
|
|
|
| LEADER |
00000cam a22000002c 4500 |
| 001 |
1788005775 |
| 003 |
DE-627 |
| 005 |
20251226200828.0 |
| 007 |
cr uuu---uuuuu |
| 008 |
220201s2020 xx |||||o 00| ||eng c |
| 020 |
|
|
|a 9781351335409
|c electronic bk.
|9 978-1-351-33540-9
|
| 020 |
|
|
|z 9781138570863
|
| 035 |
|
|
|a (DE-627)1788005775
|
| 035 |
|
|
|a (DE-599)KEP072926465
|
| 035 |
|
|
|a (KFL)prod_DoDX_EBC6350406
|
| 035 |
|
|
|a (DE-627-1)072926465
|
| 040 |
|
|
|a DE-627
|b ger
|c DE-627
|e rda
|
| 041 |
|
|
|a eng
|
| 050 |
|
0 |
|a PA3562
|
| 082 |
0 |
|
|a 885.0109382
|
| 084 |
|
|
|a ALT
|q DE-12
|2 fid
|
| 084 |
|
|
|a ALT-KA
|q DE-16
|2 fid
|
| 084 |
|
|
|a ALT-AY
|q DE-16
|2 fid
|
| 084 |
|
|
|a 0
|2 ssgn
|
| 100 |
1 |
|
|8 1\p
|0 (DE-588)1129123820
|0 (DE-627)883780399
|0 (DE-576)486171507
|4 aut
|a Serapheim, Andreas
|
| 109 |
|
|
|a Serapheim, Andreas
|a Serafim, Andreas
|
| 245 |
1 |
0 |
|a Religious Discourse in Attic Oratory and Politics
|
| 264 |
|
1 |
|a Milton
|b Taylor & Francis Group
|c 2020
|
| 300 |
|
|
|a 1 Online-Ressource (177 pages)
|
| 336 |
|
|
|a Text
|b txt
|2 rdacontent
|
| 337 |
|
|
|a Computermedien
|b c
|2 rdamedia
|
| 338 |
|
|
|a Online-Ressource
|b cr
|2 rdacarrier
|
| 490 |
0 |
|
|a Routledge Monographs in Classical Studies
|
| 520 |
|
|
|a Cover -- Half Title -- Series Information -- Title Page -- Copyright Page -- Dedication -- Table of contents -- Acknowledgements -- Abbreviations -- Introduction -- Defining fundamental terms -- Talking about the gods, the divine, supernatural powers or agents and religious rites -- Prayers, curses and prophetesses (e.g. sibyls) -- Hymns -- Oaths -- References to oracular divination -- Religion, rhetoric and the polis -- Current perspectives and approaches -- What this book is about -- Outline -- Notes -- Bibliography -- 1 Religious discourse in Attic oratory: A full survey -- Aeschines -- Andocides -- Antiphon -- Demosthenes -- Epideictic speeches -- Symbouleutic speeches -- Forensic public speeches -- Forensic private speeches -- Dinarchus -- Hypereides -- Isaeus -- Isocrates -- Forensic speeches -- Epideictic speeches -- Symbouleutic speeches -- Lycurgus -- Lysias -- Epideictic and "non-forensic" speeches -- Forensic private speeches -- Forensic public speeches -- Conclusion -- Notes -- Bibliography -- 2 Contextualizing religious discourse -- Religious discourse beyond (con)textual limitations -- The dichotomy between public and private speeches -- Symbouleutic and epideictic orations -- Individuality and circumstance -- Conclusions -- Notes -- Bibliography -- 3 Reacting to the "airy nothing" -- A two-cornered active involvement: The speaker and the audience -- Cognitive dispositions and emotional reactions -- Notes -- Bibliography -- 4 Civic/political identity in religious discourse -- What is identity? -- Religious discourse and civic spirit/patriotism -- Heroes and statesmen in religious discourse -- Conclusions -- Notes -- Bibliography -- Conclusion -- Notes -- Bibliography -- Index.
|
| 650 |
|
0 |
|a Oratory, Ancient-History and criticism
|
| 776 |
1 |
|
|z 9781138570863
|
| 856 |
4 |
0 |
|u http://proxy.fid-lizenzen.de/han/proquest-ebook-central-altertum/ebookcentral.proquest.com/lib/bsbfidaltertumswissenschaften/detail.action?docID=6350406
|m X:KFL
|x Aggregator
|y Zugang für den berechtigten Nutzerkreis des FID ALT
|z Click to View
|z lizenzpflichtig
|7 1
|
| 883 |
|
|
|8 1\p
|a cgwrk
|d 20241001
|q DE-101
|u https://d-nb.info/provenance/plan#cgwrk
|
| 912 |
|
|
|a ZDB-1-PQC
|
| 935 |
|
|
|i IMPORT_0628_prod_DoDX_01
|
| 951 |
|
|
|a BO
|
| ELC |
|
|
|a 1
|
| ORI |
|
|
|a SA-MARC-ixtheo_oa001.raw
|
| REL |
|
|
|a 1
|
| SUB |
|
|
|a REL
|